Podnikateľská etika 1 prípadová štúdia

Saved in:
Bibliographic Details
Main Author: Kubičková, Viera, 1970-
Format: Book
Language:Slovak
Published: [Bratislava] [2011]
Subjects:
Tags: Add Tag
No Tags, Be the first to tag this record!

MARC

LEADER 00000nlm$a2200000$$$4500
001 0128645
005 20240502072456.2
041 0 |a slo 
044 |a SK 
245 1 0 |a Podnikateľská etika 1  |b prípadová štúdia  |c Viera Kubičková 
264 1 |a [Bratislava]  |c [2011] 
500 |a Výstup z projektu Modernizácia učebných osnov na SOU SD Jednota 
610 2 0 |a etika podnikateľská 
610 2 0 |a vzdelanie odborné 
610 2 0 |a učilištia odborné stredné 
100 1 |a Kubičková, Viera, 1970-